|
|
|
|
| LEADER |
00000cam a2200000 cc4500 |
| 001 |
1139963600 |
| 003 |
DE-627 |
| 005 |
20240502195114.0 |
| 007 |
tu |
| 008 |
981104s1974 xx ||||| 00| ||ger c |
| 035 |
|
|
|a (DE-627)1139963600
|
| 035 |
|
|
|a (DE-576)069963606
|
| 035 |
|
|
|a (DE-599)BSZ069963606
|
| 035 |
|
|
|a (OCoLC)313270861
|
| 040 |
|
|
|a DE-627
|b ger
|c DE-627
|e rakwb
|
| 041 |
|
|
|a ger
|
| 084 |
|
|
|a 1
|2 ssgn
|
| 245 |
0 |
0 |
|a Studienhefte zum Internationalen Kongreß für Weltevangelisation
|n [1]
|p Für die ganze Welt : Definition und theologische Grundlagen der Evangelisation
|
| 264 |
|
1 |
|a Neuhausen-Stuttgart
|b Hänssler
|c 1974
|
| 300 |
|
|
|a 36 S.
|b Ill.
|
| 336 |
|
|
|a Text
|b txt
|2 rdacontent
|
| 337 |
|
|
|a ohne Hilfsmittel zu benutzen
|b n
|2 rdamedia
|
| 338 |
|
|
|a Band
|b nc
|2 rdacarrier
|
| 583 |
1 |
|
|a Archivierung/Langzeitarchivierung gewährleistet
|f SSG
|x XA-DE-BW
|2 pdager
|5 DE-21
|
| 601 |
|
|
|a Internationale
|
| 601 |
|
|
|a Kongress
|
| 601 |
|
|
|a Definition
|
| 601 |
|
|
|a Theologe
|
| 601 |
|
|
|a Grundlage
|
| 601 |
|
|
|a Evangelisation
|
| 773 |
1 |
8 |
|a Studienhefte zum Internationalen Kongreß für Weltevangelisation in Lausanne, Schweiz; [Juli 1974]
|w (DE-627)1139962892
|w (DE-576)069962898
|g [1]
|q [1]
|7 nnam
|
| 935 |
|
|
|a mteo
|
| 951 |
|
|
|a MV
|
| ELC |
|
|
|b 1
|
| ITA |
|
|
|a 1
|t 1
|
| LOK |
|
|
|0 000 xxxxxcx a22 zn 4500
|
| LOK |
|
|
|0 001 2337966216
|
| LOK |
|
|
|0 003 DE-627
|
| LOK |
|
|
|0 004 1139963600
|
| LOK |
|
|
|0 005 19981104000000
|
| LOK |
|
|
|0 008 981104||||||||||||||||ger|||||||
|
| LOK |
|
|
|0 040
|a DE-21
|c DE-627
|d DE-21
|
| LOK |
|
|
|0 852
|a DE-21
|
| LOK |
|
|
|0 852 1
|c 18 A 9846-1/6
|9 00
|
| LOK |
|
|
|0 935
|a kram
|a konv
|
| LOK |
|
|
|0 939
|a 04-11-98
|b l01
|
| ORI |
|
|
|a SA-MARC-ixtheoa001.raw
|